Using Information Technology (Record no. 67163)
[ view plain ]
| 000 -LEADER | |
|---|---|
| fixed length control field | 00190nam a22000977a 4500 |
| 082 ## - DEWEY DECIMAL CLASSIFICATION NUMBER | |
| Classification number | 004WIL |
| 100 ## - MAIN ENTRY--AUTHOR NAME | |
| Personal name | Williams,B |
| 245 ## - TITLE STATEMENT | |
| Title | Using Information Technology |
| 300 ## - PHYSICAL DESCRIPTION | |
| Number of Pages | 577p |
| 942 ## - ADDED ENTRY ELEMENTS (KOHA) | |
| Koha item type | Books |
| Withdrawn status | Lost status | Home library | Current library | Date acquired | Full call number | Accession Number | Koha item type |
|---|---|---|---|---|---|---|---|
| Central Library, QUEST, Nawabshah | Central Library, QUEST, Nawabshah | 09/08/2021 | 004WIL | D2078 | Books |